qyuzes u kive quz - Statistics

General Stats
  • This quiz has been taken 2 times
  • The average score is 14 of 49
Answer Stats
Answer % Correct
aboard
100%
above
100%
in
100%
about
50%
across
50%
against
50%
amid
50%
among
50%
around
50%
at
50%
before
50%
behind
50%
beside
50%
between
50%
by
50%
inside
50%
into
50%
like
50%
of
50%
off
50%
on
50%
since
50%
through
50%
throughout
50%
after
0%
along
0%
below
0%
beneath
0%
beyond
0%
but
0%
down
0%
during
0%
except
0%
for
0%
from
0%
near
0%
over
0%
past
0%
to
0%
toward
0%
under
0%
underneath
0%
until
0%
unto
0%
up
0%
upon
0%
with
0%
within
0%
without
0%
No matching quizzes found
Score Distribution
Percent of People with Each Score
Percentile by Number Answered
Your Score History
You have not taken this quiz